Propuesta de Valoración del Inmueble: Instituto La Inmaculada de Diriamba, Carazo
El presente estudio monográfico “Propuesta de Valoración del Inmueble: Instituto La Inmaculada de Diriamba, Carazo.” tiene como objetivo el desarrollo de una propuesta de metodología de valoración para un inmueble, y su aplicación al objeto de estudio. El resultado plantea una pauta para la eva...
| Main Authors: | , |
|---|---|
| Other Authors: | |
| Format: | Tesis Section = Libro |
| Language: | Undetermined Spanish |
| Published: |
Managua, Nicaragua
UNI
2018
|
| Subjects: |
| LEADER | 01665nam a2200289Ia 4500 | ||
|---|---|---|---|
| 008 | 240830s9999 xx 000 0 und d | ||
| 040 | |a BIBLIOTECA-RUSB/ Mon 726.51 C961 | ||
| 041 | |a spa | ||
| 082 | |a Mon 726.51 C961 | ||
| 100 | 1 | |a Cuadra Guevara, Sadia Leticia | |
| 100 | 1 | |b Sequeira Prieto, Cinthya Carolina | |
| 245 | 1 | 0 | |a Propuesta de Valoración del Inmueble: Instituto La Inmaculada de Diriamba, Carazo |
| 260 | |a Managua, Nicaragua |b UNI |c 2018 | ||
| 300 | |a 145 p. :il. | ||
| 500 | |a Contiene: CD. | ||
| 502 | |a Tesis (Arquitecto) - UNI, 2018. | ||
| 520 | 3 | |a El presente estudio monográfico “Propuesta de Valoración del Inmueble: Instituto La Inmaculada de Diriamba, Carazo.” tiene como objetivo el desarrollo de una propuesta de metodología de valoración para un inmueble, y su aplicación al objeto de estudio. El resultado plantea una pauta para la evaluación y análisis de los valores reales de un inmueble, ofreciendo diversas herramientas e indicadores, cualitativos y cuantitativos, para su debida puesta en valor. Se acompaña de conceptualizaciones teóricas sobre el patrimonio cultural, tangible e intangible; y del desarrollo de herramientas empleadas como instrumento diagnóstico integral para el bien y criterios de intervención para posibles soluciones. | |
| 650 | 7 | |a CONSTRUCCIÓN DE EDIFICIOS | |
| 650 | 7 | |b ARQUITECTURA RELIGIOSA | |
| 650 | 7 | |c DISEÑO ARQUITECTÓNICO | |
| 650 | 7 | |d ARQUITECTURA – DISEÑO Y PLANOS | |
| 650 | 7 | |e PATRIMONIO CULTURAL – NICARAGUA | |
| 650 | 7 | |f INMUEBLE – VALORACIÓN | |
| 700 | 1 | |a Tutor: |b Támez Grenda, Gundel | |
| 942 | |c BK |2 ddc | ||
| 991 | |a TESIS | ||
| 999 | |c 21351 | ||